| 000 | 00533 a2200181 4500 | ||
|---|---|---|---|
| 003 | NUST | ||
| 005 | 20251020142956.0 | ||
| 040 | _cNust | ||
| 082 | _a621.382,HAI | ||
| 100 |
_aHaider , Zaheer Capt TE-36 _9131282 |
||
| 245 |
_aTarget tracking through image processing / _cCapt Zaheer Haider, Capt Hafeez Ullah, Capt Afaq Ali, Lt Naveed Imtiaz and Lt Nadeem Saeed TE-36 |
||
| 260 |
_aRawalpindi _bMCS _c2003 |
||
| 300 | _a80 p. | ||
| 538 | _a | ||
| 650 |
_aUG Projects _998716 |
||
| 651 |
_aTE-36 _9131283 |
||
| 942 |
_cPR _2ddc |
||
| 999 |
_c182702 _d182702 |
||